书目信息 |
| 题名: |
AutoCAD MEP 2010中文版基础及实例教程
|
|
| 作者: | 高承勇 , 王国俭 , 廖泽邦 著 | |
| 分册: | ||
| 出版信息: | 北京 中国建筑工业出版社 2011.04 |
|
| 页数: | 222页 | |
| 开本: | 26cm | |
| 丛书名: | 建筑信息模型 (BIM) 技术应用推广系列丛书 | |
| 单 册: | ||
| 中图分类: | TP391.72 | |
| 科图分类: | ||
| 主题词: | 计算机辅助设计--ji suan ji fu zhu she ji--应用软件 | |
| 电子资源: | ||
| ISBN: | 978-7-112-12828-0 | |
| 000 | 01180nam 2200289 450 | |
| 001 | B20110029272 | |
| 005 | 20240326111124.22 | |
| 010 | @a978-7-112-12828-0@dCNY36.00 | |
| 100 | @a20110419d2011 km y0chiy50 ea | |
| 101 | 0 | @achi |
| 102 | @aCN@b110000 | |
| 105 | @aa z 000yy | |
| 200 | 1 | @aAutoCAD MEP 2010中文版基础及实例教程@AAutoCAD MEP 2010 zhong wen ban ji chu ji shi li jiao cheng@f高承勇 ... [等] 著 |
| 210 | @a北京@c中国建筑工业出版社@d2011.04 | |
| 215 | @a222页@c图@d26cm | |
| 225 | 2 | @a建筑信息模型 (BIM) 技术应用推广系列丛书@Ajian zhu xin xi mo xing (BIM) ji shu ying yong tui guang xi lie cong shu |
| 304 | @a其它责任者还有:王国俭,廖泽邦,管文超 | |
| 330 | @a本书介绍了AutoCAD MEP的基本功能,其面向对象为高级建筑设备CAD系统,涵盖水、暖、电三个专业。 | |
| 333 | @a适合AutoCAD MEP的初学者乃至中级用户。 | |
| 410 | 0 | @12001 @a建筑信息模型 (BIM) 技术应用推广系列丛书 |
| 606 | 0 | @a计算机辅助设计@Aji suan ji fu zhu she ji@x应用软件 |
| 690 | @aTP391.72@v5 | |
| 701 | 0 | @a高承勇@Agao cheng yong@4著 |
| 701 | 0 | @a王国俭@Awang guo jian@4著 |
| 701 | 0 | @a廖泽邦@Aliao ze bang@4著 |
| 801 | 0 | @aCN@b河南城建学院图书馆@c20110610 |
| 905 | @dTP391.72@eG100@f3 | |
| AutoCAD MEP 2010中文版基础及实例教程/高承勇 ... [等] 著.-北京:中国建筑工业出版社,2011.04 |
| 222页:图;26cm.-(建筑信息模型 (BIM) 技术应用推广系列丛书) |
| 使用对象:适合AutoCAD MEP的初学者乃至中级用户。 |
| ISBN 978-7-112-12828-0:CNY36.00 |
| 本书介绍了AutoCAD MEP的基本功能,其面向对象为高级建筑设备CAD系统,涵盖水、暖、电三个专业。 |
| ● |
| 相关链接 |
|
|
|
正题名:AutoCAD MEP 2010中文版基础及实例教程
索取号:TP391.72/G100
 
预约/预借
| 序号 | 登录号 | 条形码 | 馆藏地/架位号 | 状态 | 备注 |
| 1 | 1306777 | 213067777 | 自科库301/301自科库 109排1列5层/ [索取号:TP391.72/G100] | 在馆 | |
| 2 | 1306778 | 213067786 | 自科库301/301自科库 109排1列5层/ [索取号:TP391.72/G100] | 在馆 | |
| 3 | 1306779 | 213067795 | 自科二线404/301自科库 68排3列2层/ [索取号:TP391.72/G100] | 在馆 | |
| 4 | 1548903 | 215489031 | 自科库301/301自科库 109排1列5层/ [索取号:TP391.72/G100] | 在馆 | |
| 5 | 1548904 | 215489040 | 自科库301/301自科库 109排1列5层/ [索取号:TP391.72/G100] | 在馆 | |
| 6 | 1548905 | 215489059 | 自科库301/301自科库 109排1列5层/ [索取号:TP391.72/G100] | 在馆 | |
| 7 | 882729 | 208827297 | 自科二线404/301自科库 68排3列2层/ [索取号:TP391.72/G100] | 在馆 | |
| 8 | 882730 | 208827304 | 自科二线404/404自科库 11排2列2层/ [索取号:TP391.72/G100] | 在馆 | |
| 9 | 882731 | 208827313 | 自科二线404/301自科库 68排3列2层/ [索取号:TP391.72/G100] | 在馆 |